LIBRARY & INFORMATION CENTRE, KCAET, TAVANUR

ONLINE PUBLIC ACCESS CATALOGUE (OPAC)

Chemistry of natural products: Amino acids, peptides, proteins and enzymes / (Record no. 13312)

MARC details
000 -LEADER
fixed length control field 00538cam a2200193ua 4500
041 ## - LANGUAGE CODE
Language code of text/sound track or separate title eng
082 ## - DEWEY DECIMAL CLASSIFICATION NUMBER
Classification number 574.142
Item number AHL/CH
100 ## - MAIN ENTRY--AUTHOR NAME
Personal name Ahluwalia, V K .
245 ## - TITLE STATEMENT
Title Chemistry of natural products: Amino acids, peptides, proteins and enzymes /
260 ## - PUBLICATION, DISTRIBUTION, ETC. (IMPRINT)
Place of publication New Delhi :
Name of publisher Ane Books India ,
Year of publication 2006.
300 ## - PHYSICAL DESCRIPTION
Number of Pages 249 ; .
700 1# - ADDED ENTRY--PERSONAL NAME
Personal name Kumar, Lalita S .
700 1# - ADDED ENTRY--PERSONAL NAME
Personal name Kumar, Sanjeev .
942 ## - ADDED ENTRY ELEMENTS (KOHA)
Koha item type Books
Holdings
Withdrawn status Lost status Damaged status Home library Current library Date acquired Full call number Accession Number Koha item type
      KAUAET KAUAET 07/04/2012 574.142 AHL/CH 21818 Books
free website counter